[Event "Gibraltar Masters 2020"]
[Site "Caleta ENG"]
[Date "2020.01.21"]
[Round "1.81"]
[White "Chigaeva, Anastasia"]
[Black "Pogonina, Natalija"]
[Result "1/2-1/2"]
[WhiteTitle "WFM"]
[BlackTitle "WGM"]
[WhiteElo "2156"]
[BlackElo "2479"]
[WhiteFideId "24131008"]
[BlackFideId "4147855"]
[EventDate "2020.01.21"]

1. d4 Nf6 2. c4 e6 3. Nf3 b6 4. g3 Ba6 5. Qa4 Bb7 6. Bg2 c5 7. dxc5 bxc5 8. O-O
Be7 9. Nc3 O-O 10. Rd1 Qb6 11. Bf4 Rd8 12. Rab1 h6 13. a3 d6 14. Qc2 Nbd7 15. e4
Rac8 16. h3 Nf8 17. Rd2 Qa6 18. Rbd1 Ng6 19. Be3 Bc6 20. Ne1 Rb8 21. Bf1 Qb7 22.
f3 d5 23. cxd5 exd5 24. exd5 Nxd5 25. Bf2 Nxc3 26. Qxc3 Rxd2 27. Rxd2 Bb5 28.
Bg2 Rc8 29. f4 Bc6 30. Bxc6 Qxc6 31. Qf3 Qb5 32. Ng2 Bf6 33. b3 Nf8 34. f5 Nd7
35. a4 Ne5 36. Qd5 Qb4 37. Re2 Qc3 38. Nf4 Rd8 39. Qb7 Nd3 40. Nxd3 Qxd3 41. Qb5
Qxf5 42. Re8+ Kh7 43. Rxd8 Bxd8 44. Qxc5 Qb1+ 45. Kg2 Qe4+ 46. Kg1 Bb6 47. Qc3
Qb1+ 48. Kg2 Qa2 49. Qf3 Kg8 50. Qa8+ Kh7 51. Qf3 Kg8 1/2-1/2

[Event "Gibraltar Masters 2020"]
[Site "Caleta ENG"]
[Date "2020.01.21"]
[Round "1.82"]
[White "Abergel, Thal"]
[Black "De Abreu, Roberto N"]
[Result "1-0"]
[WhiteTitle "GM"]
[BlackTitle "FM"]
[WhiteElo "2478"]
[BlackElo "2154"]
[WhiteFideId "614890"]
[BlackFideId "14307472"]
[EventDate "2020.01.21"]

1. Nf3 c5 2. e4 Nc6 3. Bb5 g6 4. O-O Bg7 5. c3 Nf6 6. Qa4 O-O 7. d4 Qc7 8. e5
Nd5 9. Qc4 Qa5 10. b4 Ndxb4 11. cxb4 cxb4 12. Bd2 Nxd4 13. Nxd4 Bxe5 14. Bxb4
Bxd4 15. Bxa5 Bxa1 16. Nc3 Bxc3 17. Bxc3 a6 18. Qd4 f6 19. Bc4+ e6 20. Qd6 b5
21. Bd5 1-0

[Event "Gibraltar Masters 2020"]
[Site "Caleta ENG"]
[Date "2020.01.21"]
[Round "1.83"]
[White "Stewart, Ashley"]
[Black "Di Berardino, Diego Rafael"]
[Result "0-1"]
[BlackTitle "IM"]
[WhiteElo "2152"]
[BlackElo "2478"]
[WhiteFideId "419001"]
[BlackFideId "2105446"]
[EventDate "2020.01.21"]

1. c4 c5 2. g3 g6 3. Bg2 Bg7 4. Nc3 Nc6 5. Nf3 d6 6. O-O Bf5 7. d3 Qd7 8. Rb1
Nf6 9. a3 Bh3 10. Nd5 Bxg2 11. Kxg2 O-O 12. Nxf6+ Bxf6 13. b4 b6 14. Bh6 Rfd8
15. bxc5 dxc5 16. Qc1 Bh8 17. h4 e5 18. h5 Nd4 19. Nxd4 exd4 20. Qf4 Re8 21. Qf3
Rac8 22. hxg6 hxg6 23. Rh1 Rc6 24. Rh4 Rf6 25. Rf4 Rfe6 26. Rb2 Re5 27. g4 Qe6
28. g5 Qd7 29. a4 R8e7 30. Ra2 Qc7 31. Kf1 R5e6 32. Rh4 Re5 33. Qh3 Rf5 34. Rb2
Be5 35. Re4 Qd7 36. Qh4 Qxa4 37. Rb5 Qa6 38. f4 Qc8 39. Kg2 Bd6 40. Rb1 Rxe4 41.
Bg7 Rxe2+ 42. Kf3 Rxf4+ 43. Qxf4 Bxf4 0-1

[Event "Gibraltar Masters 2020"]
[Site "Caleta ENG"]
[Date "2020.01.21"]
[Round "1.84"]
[White "Song, Raymond"]
[Black "Spence, David J"]
[Result "1/2-1/2"]
[WhiteTitle "IM"]
[WhiteElo "2478"]
[BlackElo "2146"]
[WhiteFideId "3203824"]
[BlackFideId "407429"]
[EventDate "2020.01.21"]

1. Nf3 Nf6 2. g3 b5 3. e3 a6 4. a4 b4 5. Bg2 Bb7 6. O-O e6 7. d4 c5 8. c3 cxd4
9. cxd4 Be7 10. Nbd2 O-O 11. Nb3 a5 12. Ne5 Bxg2 13. Kxg2 Qb6 14. Qf3 d5 15. Bd2
Nbd7 16. Nxd7 Nxd7 17. Rfc1 Rfc8 18. Qe2 Bd8 19. Be1 Rc6 20. Rxc6 Qxc6 21. Qb5
Qd6 22. Rc1 Rb8 23. Rc6 Qe7 24. Qa6 e5 25. Rc8 exd4 26. Nxd4 Rxc8 27. Qxc8 Nb6
28. Qb8 Qc7 29. Qxc7 Bxc7 30. b3 Nd7 31. Kf1 Nc5 32. Ke2 Kf8 33. Kd2 Be5 34. Kc2
Bxd4 35. exd4 Ne6 36. Kd3 f5 1/2-1/2

[Event "Gibraltar Masters 2020"]
[Site "Caleta ENG"]
[Date "2020.01.21"]
[Round "1.85"]
[White "Utiatskaja, Irina"]
[Black "Girya, Olga"]
[Result "0-1"]
[WhiteTitle "WIM"]
[BlackTitle "WGM"]
[WhiteElo "2143"]
[BlackElo "2477"]
[WhiteFideId "24140848"]
[BlackFideId "4195752"]
[EventDate "2020.01.21"]

1. e4 c6 2. d4 d5 3. exd5 cxd5 4. Bd3 Nc6 5. c3 Nf6 6. h3 g6 7. Nf3 Bf5 8. Be2
Qc7 9. O-O e6 10. Re1 Bd6 11. Bh6 Rg8 12. h4 Ng4 13. Bc1 h5 14. Na3 a6 15. Nc2
Be4 16. Ne3 Bh2+ 17. Kf1 Bg3 18. Nxg4 hxg4 19. Nd2 Bxh4 20. Nxe4 dxe4 21. Bxg4
f5 22. Bh3 Rh8 23. Qb3 Qf7 24. Rd1 O-O-O 25. d5 exd5 26. Be3 g5 27. g4 Bxf2 0-1

[Event "Gibraltar Masters 2020"]
[Site "Caleta ENG"]
[Date "2020.01.21"]
[Round "1.86"]
[White "Roussel-Roozmon, Thomas"]
[Black "Veltkamp, Gerben"]
[Result "0-1"]
[WhiteTitle "GM"]
[WhiteElo "2473"]
[BlackElo "2140"]
[WhiteFideId "2603659"]
[BlackFideId "4631307"]
[EventDate "2020.01.21"]

1. d4 Nf6 2. c4 c5 3. d5 b5 4. cxb5 a6 5. bxa6 g6 6. Nc3 Bg7 7. e4 O-O 8. a7
Rxa7 9. Nf3 e6 10. Be2 exd5 11. exd5 d6 12. O-O Na6 13. Nb5 Rd7 14. Bc4 Bb7 15.
Bg5 h6 16. Bh4 Qa5 17. Bxf6 Bxf6 18. Rb1 Nc7 19. Nxc7 Rxc7 20. Qd2 Qb4 21. b3
Kg7 22. a4 Ra8 23. Rfc1 Qxd2 24. Nxd2 Bg5 25. Rd1 Bxd2 26. Rxd2 Ba6 27. Rc1 Rb7
28. Rd3 Rb4 29. Bxa6 Rxa6 30. Kf1 Kf6 31. Re1 Ra7 32. Rf3+ Kg7 33. Ree3 c4 34.
Rf4 Rxb3 35. Rxc4 Rb2 36. Rd3 Ra2 37. Rdd4 Rb7 38. g3 g5 39. Rd3 Kf6 40. Kg2 Ke5
41. Rc8 Rxa4 42. Re8+ Kf6 43. Rh8 Kg7 44. Rd8 g4 45. Rd2 Rb1 46. Rxd6 Raa1 47.
f4 Rh1 48. Rd3 Raf1 0-1

[Event "Gibraltar Masters 2020"]
[Site "Caleta ENG"]
[Date "2020.01.21"]
[Round "1.87"]
[White "Baert, Andy"]
[Black "Abdumalik, Zhansaya"]
[Result "0-1"]
[WhiteTitle "FM"]
[BlackTitle "IM"]
[WhiteElo "2138"]
[BlackElo "2471"]
[WhiteFideId "200107"]
[BlackFideId "13703544"]
[EventDate "2020.01.21"]

1. Nf3 Nf6 2. c4 c5 3. Nc3 b6 4. e4 d6 5. d4 cxd4 6. Nxd4 Bb7 7. f3 e6 8. Be3
Nbd7 9. Be2 a6 10. O-O Qc7 11. a4 Be7 12. a5 O-O 13. Nb3 d5 14. cxd5 exd5 15.
axb6 Nxb6 16. Rc1 Qd6 17. e5 Qe6 18. Bd4 Nfd7 19. f4 Rad8 20. Na5 Ba8 21. Na2
Nc4 22. Nxc4 dxc4 23. Bxc4 Qg6 24. Qe2 Bc5 25. Bxc5 Nxc5 26. Rcd1 h5 27. Nc3
Rxd1 28. Rxd1 Qf5 29. Nd5 Bxd5 30. Rxd5 Ne6 31. g3 h4 32. Qd3 Qg4 33. Qd1 Qg6
34. Bd3 Qh6 35. Bf5 hxg3 36. hxg3 Nxf4 37. gxf4 Qxf4 38. e6 Qe3+ 39. Kh1 Qh6+
40. Kg2 fxe6 41. Rd8 Qg5+ 42. Bg4 Rxd8 0-1

[Event "Gibraltar Masters 2020"]
[Site "Caleta ENG"]
[Date "2020.01.21"]
[Round "1.88"]
[White "Quintiliano Pinto, Renato R."]
[Black "Kandic, Milan"]
[Result "1-0"]
[WhiteTitle "IM"]
[BlackTitle "FM"]
[WhiteElo "2471"]
[BlackElo "2132"]
[WhiteFideId "2117568"]
[BlackFideId "926752"]
[EventDate "2020.01.21"]

1. d4 d6 2. Nf3 Nf6 3. c4 Nbd7 4. Nc3 e5 5. e4 Be7 6. Be2 O-O 7. O-O c6 8. Re1
Qc7 9. Bf1 a5 10. h3 Re8 11. Be3 Bf8 12. d5 c5 13. Nd2 g6 14. a3 Nh5 15. g3 Bg7
16. Nb5 Qb8 17. b4 axb4 18. axb4 Rxa1 19. Qxa1 f5 20. bxc5 f4 21. c6 bxc6 22.
Ba7 Qb7 23. Nxd6 Qb4 24. Nxe8 Qxd2 25. g4 Nhf6 26. Nxg7 1-0

[Event "Gibraltar Masters 2020"]
[Site "Caleta ENG"]
[Date "2020.01.21"]
[Round "1.89"]
[White "Vega Gutierrez, Belinda"]
[Black "Cramling, Pia"]
[Result "0-1"]
[WhiteTitle "WIM"]
[BlackTitle "GM"]
[WhiteElo "2132"]
[BlackElo "2470"]
[WhiteFideId "2229994"]
[BlackFideId "1700030"]
[EventDate "2020.01.21"]

1. e4 c5 2. Nf3 d6 3. d4 cxd4 4. Nxd4 Nf6 5. Nc3 a6 6. h3 Nc6 7. Be3 Nxd4 8.
Qxd4 e5 9. Qb6 Qxb6 10. Bxb6 Be6 11. O-O-O Rc8 12. a4 Be7 13. Be2 O-O 14. Kb1
Rxc3 15. bxc3 Nxe4 16. Kb2 Rc8 17. Rd3 f5 18. Re1 d5 19. Bf3 Rc4 20. a5 Kf7 21.
Bxe4 fxe4 22. Rd2 Bg5 23. Rdd1 Bf6 24. Ra1 d4 25. Ra3 Bd5 26. Rd1 Ke6 27. Rb3
Bc6 28. Ba7 Kd5 29. Rd2 Bb5 30. Rd1 h5 31. Rd2 h4 32. Rd1 Bc6 33. Rd2 Ke6 34.
Rd1 Bg5 35. Re1 Kf5 36. Rd1 Bf6 37. Re1 Ke6 38. Rd1 Kd5 39. Rd2 Bg5 40. Rd1 Bf6
41. Rd2 g6 42. Rd1 Ke6 43. Rd2 Kf5 44. Rd1 Bd5 45. Re1 Bc6 46. Rd1 Ba4 47. Rxb7
Rxc3 48. Rd2 Bg5 49. Re2 Bc6 50. Rb4 Bb5 51. Re1 Rc6 52. Rd1 Be2 53. Rg1 Bd2 54.
Rb6 Rc7 55. Bb8 Rc8 56. g4+ hxg3 57. Rxg3 Bxa5 58. Rb7 d3 59. cxd3 exd3 60. Re3
Bc3+ 61. Kb3 d2 62. Rd7 d1=Q+ 0-1

[Event "Gibraltar Masters 2020"]
[Site "Caleta ENG"]
[Date "2020.01.21"]
[Round "1.90"]
[White "Stefanova, Antoaneta"]
[Black "Osuna Vega, Enrique"]
[Result "1-0"]
[WhiteTitle "GM"]
[BlackTitle "CM"]
[WhiteElo "2469"]
[BlackElo "2129"]
[WhiteFideId "2902257"]
[BlackFideId "2219549"]
[EventDate "2020.01.21"]

1. d4 e6 2. Nf3 d5 3. Bf4 c5 4. e3 Qb6 5. Nc3 Bd7 6. Rb1 Nf6 7. a3 h6 8. Ne5
cxd4 9. exd4 a6 10. g4 Nc6 11. Nxd7 Nxd7 12. Ne2 Nf6 13. h3 Qd8 14. Bg2 Bd6 15.
Be3 Qc7 16. Qd3 Na5 17. Rd1 Rc8 18. c3 Nc4 19. Bc1 b5 20. f4 g6 21. O-O Be7 22.
Ng3 Nd6 23. Rde1 Kd7 24. Re5 Nc4 25. Ree1 Bd6 26. f5 exf5 27. Nxf5 gxf5 28.
Qxf5+ Kc6 29. Qxf6 Nb6 30. Bxh6 Kb7 31. Bf4 Rcd8 32. Bxd6 1-0

[Event "Gibraltar Masters 2020"]
[Site "Caleta ENG"]
[Date "2020.01.21"]
[Round "1.91"]
[White "Arroyo Rodriguez, Jesus"]
[Black "Paehtz, Elisabeth"]
[Result "0-1"]
[BlackTitle "IM"]
[WhiteElo "2125"]
[BlackElo "2467"]
[WhiteFideId "2277760"]
[BlackFideId "4641833"]
[EventDate "2020.01.21"]

1. e4 c5 2. Nf3 e6 3. d4 cxd4 4. Nxd4 Nc6 5. g3 Qb6 6. Nb3 Nf6 7. Bg2 Be7 8. O-O
O-O 9. Be3 Qc7 10. f4 d6 11. Nc3 a6 12. a4 b6 13. Qe2 Rb8 14. g4 Re8 15. g5 Nd7
16. Rf3 Bf8 17. Qf2 g6 18. Rh3 Bg7 19. f5 Qd8 20. f6 Bf8 21. Qh4 h6 22. Rf1 Nde5
23. Rf4 Nd7 24. Qf2 hxg5 25. Rff3 Nce5 26. Bxg5 Nxf3+ 27. Qxf3 Bb7 28. Qf4 Bg7
29. fxg7 f6 30. Qh4 Kf7 31. Be3 Rg8 32. Nd4 Ne5 33. Rg3 Rxg7 34. Qf4 Bc8 35. Nf3
Bd7 36. Nxe5+ dxe5 37. Qf2 b5 38. axb5 axb5 39. Bh3 b4 40. Ne2 Bc6 41. Bg2 Qd1+
42. Qf1 Qxc2 43. Rf3 f5 44. Ng3 Rd8 45. exf5 Rd1 46. fxg6+ Kxg6 0-1

[Event "Gibraltar Masters 2020"]
[Site "Caleta ENG"]
[Date "2020.01.21"]
[Round "1.92"]
[White "Ravi, Teja S."]
[Black "Dolzhikova, Olga"]
[Result "1/2-1/2"]
[WhiteTitle "IM"]
[BlackTitle "WGM"]
[WhiteElo "2464"]
[BlackElo "2123"]
[WhiteFideId "5017220"]
[BlackFideId "14105870"]
[EventDate "2020.01.21"]

1. Nf3 d5 2. d4 Nf6 3. Bf4 e6 4. e3 Bd6 5. Bg3 Ne4 6. Nbd2 Nxg3 7. hxg3 c5 8. c3
Nc6 9. Bd3 e5 10. dxe5 Nxe5 11. Nxe5 Bxe5 12. Rh5 Bf6 13. e4 d4 14. c4 Qe7 15.
f4 g6 16. Rh1 Bg7 17. Qe2 h5 18. O-O-O Bg4 19. Nf3 O-O-O 20. Rde1 Rhe8 21. Kb1
Kb8 22. e5 Qd7 23. Qc2 Re7 24. Ng5 f6 25. exf6 Bxf6 26. Ne4 Rde8 27. Qd2 Bf5 28.
Nxf6 Bxd3+ 29. Kc1 Rxe1+ 30. Rxe1 Rxe1+ 31. Qxe1 Qc6 32. Qe5+ Qc7 33. Nd7+ Kc8
34. Qe8+ Qd8 35. Qxd8+ Kxd8 36. Nxc5 Bxc4 37. Nxb7+ Kc7 38. Na5 Bd5 39. Kc2 Kd6
40. Kd3 Kc5 41. a3 Be6 42. Ke4 Bd5+ 43. Kd3 Be6 44. Ke2 Bg4+ 45. Kd2 Bf5 46. Ke2
Bg4+ 47. Ke1 Bf5 48. Ke2 1/2-1/2

[Event "Gibraltar Masters 2020"]
[Site "Caleta ENG"]
[Date "2020.01.21"]
[Round "1.93"]
[White "Sigeman, Johan"]
[Black "Javakhishvili, Lela"]
[Result "0-1"]
[BlackTitle "IM"]
[WhiteElo "2119"]
[BlackElo "2463"]
[WhiteFideId "1705601"]
[BlackFideId "13601458"]
[EventDate "2020.01.21"]

1. d4 d6 2. e4 Nf6 3. Nc3 g6 4. g3 Bg7 5. Bg2 O-O 6. Nge2 e5 7. O-O Nc6 8. h3
exd4 9. Nxd4 Bd7 10. Bg5 Nxd4 11. Qxd4 h6 12. Bd2 Re8 13. Qd3 Bc6 14. Rfe1 Nd7
15. Rab1 Nc5 16. Qc4 Qd7 17. Nd5 a5 18. Qf1 Kh7 19. Bc3 Bb5 20. Bxg7 Bxf1 21.
Nf6+ Kxg7 22. Nxd7 Bxg2 23. Nxc5 Bxh3 24. Nd3 g5 25. f3 Bd7 26. g4 h5 27. gxh5
Rh8 28. Kg2 Rxh5 29. Rh1 Rxh1 30. Rxh1 Re8 31. Kg3 f5 32. Re1 Kf6 33. exf5 Rxe1
34. Nxe1 Kxf5 35. Kf2 Ke5 36. Ke3 Bf5 37. c3 d5 38. Ng2 c5 39. Kd2 d4 40. cxd4+
cxd4 41. a3 Bd7 42. Kd3 Bb5+ 43. Kd2 Bf1 44. Ne1 Kf4 45. b4 axb4 46. axb4 d3 0-1

[Event "Gibraltar Masters 2020"]
[Site "Caleta ENG"]
[Date "2020.01.21"]
[Round "1.94"]
[White "Gunina, Valentina"]
[Black "Seewi, Joram"]
[Result "1-0"]
[WhiteTitle "GM"]
[WhiteElo "2461"]
[BlackElo "2109"]
[WhiteFideId "4167570"]
[BlackFideId "16260350"]
[EventDate "2020.01.21"]

1. d4 Nc6 2. c4 e5 3. d5 Nce7 4. Nc3 Ng6 5. Nf3 Be7 6. Qc2 d6 7. h4 Bxh4 8. Nxh4
Nxh4 9. c5 Nf5 10. cxd6 Qxd6 11. e3 a6 12. Bd2 Nf6 13. O-O-O c6 14. g4 Ne7 15.
g5 Nfxd5 16. Rxh7 Rg8 17. Ne4 Qc7 18. f3 Bf5 19. Rh2 O-O-O 20. Qc5 Kb8 21. Bxa6
bxa6 22. Ba5 Qa7 23. Bxd8 Rxd8 24. Qxa7+ Kxa7 25. Nc5 Rc8 26. e4 Bg6 27. exd5
cxd5 28. b4 Nc6 29. a3 Nd4 30. f4 Nb3+ 31. Kb2 Nxc5 32. bxc5 Rxc5 33. fxe5 Bf5
34. Rf1 g6 35. Rh7 Rc7 36. Rxf5 gxf5 37. e6 Rb7+ 38. Kc3 Rb8 39. exf7 1-0

[Event "Gibraltar Masters 2020"]
[Site "Caleta ENG"]
[Date "2020.01.21"]
[Round "1.95"]
[White "Bengherabi, Khalil"]
[Black "Buckels, Valentin"]
[Result "0-1"]
[WhiteTitle "FM"]
[BlackTitle "IM"]
[WhiteElo "2106"]
[BlackElo "2459"]
[WhiteFideId "7900325"]
[BlackFideId "12942766"]
[EventDate "2020.01.21"]

1. e4 e5 2. Nf3 Nc6 3. d4 exd4 4. Nxd4 Nf6 5. Nc3 Bc5 6. Be3 Bb6 7. f3 O-O 8.
Qd2 d5 9. Nxc6 bxc6 10. O-O-O Be6 11. exd5 cxd5 12. Na4 Qd6 13. Bd4 Nd7 14. c4
Bxd4 15. Qxd4 c5 16. Qh4 d4 17. Bd3 h6 18. b3 Nb6 19. Nb2 a5 20. Rhe1 a4 21. Qe4
g6 22. Qe5 Qxe5 23. Rxe5 a3 24. Na4 Nxa4 25. bxa4 Rfc8 26. Rd2 Rxa4 27. Rc2 Kg7
28. h4 Kf6 29. f4 Rb4 30. g3 Bg4 31. Kd2 Bd7 32. Kc1 Rcb8 33. Rxc5 Rb1+ 34. Kd2
Ba4 35. Ra5 Bxc2 36. Bxc2 Rg1 37. Bb3 Rxb3 38. axb3 a2 0-1

[Event "Gibraltar Masters 2020"]
[Site "Caleta ENG"]
[Date "2020.01.21"]
[Round "1.96"]
[White "Batsiashvili, Nino"]
[Black "Advait, Bagri"]
[Result "1-0"]
[WhiteTitle "GM"]
[BlackTitle "CM"]
[WhiteElo "2456"]
[BlackElo "2105"]
[WhiteFideId "13602993"]
[BlackFideId "5820391"]
[EventDate "2020.01.21"]

1. d4 d5 2. Nf3 Nf6 3. Bf4 e6 4. e3 Bd6 5. Bg3 O-O 6. Nbd2 c5 7. c3 Qc7 8. dxc5
Qxc5 9. Bd3 Nbd7 10. e4 Bxg3 11. hxg3 dxe4 12. Bxe4 h6 13. Qe2 Rb8 14. Nd4 Nxe4
15. Nxe4 Qd5 16. g4 f5 17. Nd2 Nf6 18. gxf5 exf5 19. O-O b6 20. Rfe1 Bb7 21. Qc4
Rf7 22. Qxd5 Nxd5 23. Nc4 Rf6 24. Ne5 Rd8 25. Rad1 Nf4 26. f3 Ne6 27. Nb5 a6 28.
Rxd8+ Nxd8 29. Nd7 Rf7 30. Re8+ Kh7 31. Nf8+ Kg8 32. Ne6+ 1-0

[Event "Gibraltar Masters 2020"]
[Site "Caleta ENG"]
[Date "2020.01.21"]
[Round "1.97"]
[White "Gonzalez Gonzalez, Alfonso"]
[Black "Real De Azua, Ernesto"]
[Result "0-1"]
[BlackTitle "IM"]
[WhiteElo "2100"]
[BlackElo "2456"]
[WhiteFideId "2223007"]
[BlackFideId "108154"]
[EventDate "2020.01.21"]

1. e4 c5 2. Nf3 e6 3. c3 d5 4. exd5 Qxd5 5. d4 Nf6 6. Na3 Nc6 7. Be3 cxd4 8. Nb5
Qd8 9. Nbxd4 Nd5 10. Nxc6 bxc6 11. Bd2 Bd6 12. c4 Ne7 13. Bc3 O-O 14. Bd3 Ng6
15. h4 f5 16. Qc2 c5 17. O-O-O Bb7 18. h5 Nf4 19. h6 g6 20. Bg7 Rf7 21. Bf1 Bxf3
22. gxf3 Qc7 23. Qc3 e5 24. Rxd6 Rxg7 25. Rd1 Re7 26. Rd2 Rd8 27. Rxd8+ Qxd8 28.
Qe3 Qd6 29. Be2 Qd4 30. Qd2 Qxf2 31. Bd1 Qxd2+ 32. Kxd2 Rd7+ 33. Kc2 Kf7 34. Re1
Nd3 35. Rf1 Nb4+ 36. Kb3 Rb7 37. Ka3 Nc6 38. Ba4 Nd4 39. Rd1 Ke6 40. Bb5 Rb8 41.
Ka4 a6 0-1

[Event "Gibraltar Masters 2020"]
[Site "Caleta ENG"]
[Date "2020.01.21"]
[Round "1.98"]
[White "Mammadzada, Gunay"]
[Black "Gagare, Shalmali"]
[Result "1-0"]
[WhiteTitle "IM"]
[BlackTitle "WIM"]
[WhiteElo "2455"]
[BlackElo "2099"]
[WhiteFideId "13403729"]
[BlackFideId "5038650"]
[EventDate "2020.01.21"]

1. e4 e6 2. d4 d5 3. Nd2 c5 4. Ngf3 cxd4 5. Nxd4 Nf6 6. exd5 Nxd5 7. c3 a6 8.
N2f3 Qc7 9. g3 Bd6 10. Bg2 O-O 11. O-O Nf6 12. Qc2 h6 13. Rd1 Rd8 14. c4 Bd7 15.
a3 Nc6 16. b4 Nxd4 17. Rxd4 e5 18. Rd2 Bc6 19. c5 Be7 20. Bb2 Rxd2 21. Qxd2 Nd7
22. Qe2 Bf6 23. Rc1 Re8 24. Nd4 Bxg2 25. Kxg2 e4 26. c6 Nf8 27. Nf5 Bxb2 28.
Qxb2 Ne6 29. cxb7 Qb8 30. Rc8 Rxc8 31. bxc8=Q+ 1-0

[Event "Gibraltar Masters 2020"]
[Site "Caleta ENG"]
[Date "2020.01.21"]
[Round "1.99"]
[White "Semprun Martinez, Fernando"]
[Black "Paveto, Kevin"]
[Result "0-1"]
[BlackTitle "IM"]
[WhiteElo "2099"]
[BlackElo "2452"]
[WhiteFideId "2203170"]
[BlackFideId "173444"]
[EventDate "2020.01.21"]

1. d4 d6 2. e4 g6 3. Nc3 Bg7 4. f4 c6 5. Nf3 d5 6. e5 Bf5 7. Be3 h5 8. Be2 Nh6
9. h3 Nd7 10. Qd2 b5 11. O-O e6 12. a4 b4 13. Na2 a5 14. c3 bxc3 15. Qxc3 Qb6
16. b4 Bf8 17. bxa5 Rxa5 18. Rfc1 Nb8 19. Bd1 Ra8 20. Bd2 Be4 21. a5 Qa7 22. Ba4
Bxf3 23. Bxc6+ Nxc6 24. Qxc6+ Kd8 25. gxf3 Ba3 26. Rc5 Bxc5 27. dxc5 Nf5 28. Nb4
Nd4 29. Qd6+ Ke8 30. Be3 Nf5 31. Qc6+ Kf8 32. Bf2 Kg7 33. Qb6 Qe7 34. Nc6 Qd7
35. Nd4 Nxd4 36. Bxd4 Rhb8 37. Qd6 Qb5 38. c6 Qc4 39. Qc5 Qxc5 40. Bxc5 Rc8 41.
Bb6 Rxc6 42. Rb1 Rc4 0-1

[Event "Gibraltar Masters 2020"]
[Site "Caleta ENG"]
[Date "2020.01.21"]
[Round "1.100"]
[White "Kovacevic, Blazimir"]
[Black "Represa Perez, Mireya"]
[Result "0-1"]
[WhiteTitle "GM"]
[BlackTitle "WFM"]
[WhiteElo "2451"]
[BlackElo "2081"]
[WhiteFideId "14502712"]
[BlackFideId "32010036"]
[EventDate "2020.01.21"]

1. c4 e6 2. g3 Nf6 3. Bg2 d5 4. Nf3 Be7 5. O-O O-O 6. d4 dxc4 7. Qc2 a6 8. a4
Bd7 9. Rd1 Bc6 10. Nc3 a5 11. e4 Na6 12. Ne5 Nb4 13. Qe2 b6 14. Nxc6 Nxc6 15. d5
exd5 16. exd5 Nb4 17. Qxc4 Rc8 18. Bf4 Qd7 19. Rac1 Rfe8 20. Bf3 Bc5 21. Ne4
Nxe4 22. Bxe4 Qe7 23. Bf3 Qf6 24. Bg4 g5 25. Bxc8 gxf4 26. Bg4 fxg3 27. hxg3
Qxf2+ 28. Kh1 Qxg3 29. Rf1 Qh4+ 30. Kg2 Nxd5 31. Rc3 Re3 32. Rf3 Re1 33. Bh3
Qg5+ 34. Rg3 Rg1+ 35. Kh2 Rxg3 36. Rxg3 Bd6 0-1

[Event "Gibraltar Masters 2020"]
[Site "Caleta ENG"]
[Date "2020.01.21"]
[Round "1.101"]
[White "Stolniceanu, Victor-Dumitru"]
[Black "Atalik, Ekaterina"]
[Result "0-1"]
[BlackTitle "IM"]
[WhiteElo "2074"]
[BlackElo "2450"]
[WhiteFideId "1221019"]
[BlackFideId "4130189"]
[EventDate "2020.01.21"]

1. e4 c6 2. d4 d5 3. e5 Bf5 4. Bd3 Bxd3 5. Qxd3 e6 6. Nc3 Ne7 7. Bg5 h6 8. Qh3
Qb6 9. O-O-O Nd7 10. g4 c5 11. Be3 Nc6 12. dxc5 Bxc5 13. Bxc5 Nxc5 14. f4 O-O-O
15. Qf3 d4 16. Ne4 Nxe4 17. Qxe4 Rd5 18. Ne2 Rhd8 19. a3 Rb5 20. b3 g5 21. Rhe1
gxf4 22. Qxf4 Rxe5 23. Qxf7 d3 24. Rxd3 Rxd3 25. cxd3 Qe3+ 26. Kc2 Nd4+ 27. Nxd4
Rc5+ 28. Kb1 Qxe1+ 0-1

[Event "Gibraltar Masters 2020"]
[Site "Caleta ENG"]
[Date "2020.01.21"]
[Round "1.102"]
[White "Horvath, Dominik"]
[Black "Hamer, Martyn"]
[Result "1-0"]
[WhiteTitle "IM"]
[WhiteElo "2449"]
[BlackElo "2069"]
[WhiteFideId "1642561"]
[BlackFideId "413160"]
[EventDate "2020.01.21"]

1. Nf3 Nf6 2. c4 g6 3. Nc3 Bg7 4. e4 d6 5. d4 O-O 6. Be2 e5 7. O-O Nc6 8. dxe5
dxe5 9. Bg5 h6 10. Qxd8 Nxd8 11. Bxf6 Bxf6 12. Nd5 Bg7 13. Nxc7 Rb8 14. h3 Be6
15. Rac1 Nc6 16. a3 a6 17. b4 Rbc8 18. Nd5 Bxd5 19. exd5 Nd4 20. Nxd4 exd4 21.
c5 a5 22. Bd3 axb4 23. axb4 Rfd8 24. d6 b6 25. Ba6 Ra8 26. c6 Rxa6 27. c7 Raa8
28. cxd8=Q+ Rxd8 29. Rc6 Be5 30. Rxb6 Bxd6 31. Rd1 Be5 32. Rd3 Rc8 33. g3 Rc2
34. Rb5 Bf6 35. Rb3 Kf8 36. Rc5 Rxc5 37. bxc5 Ke7 38. Rb7+ Ke6 39. Rb6+ Ke7 40.
Kf1 Be5 41. Ke2 Bc7 42. Rb7 Kd7 43. Kd3 Kc6 44. Rxc7+ 1-0

[Event "Gibraltar Masters 2020"]
[Site "Caleta ENG"]
[Date "2020.01.21"]
[Round "1.103"]
[White "Reeder, Andy"]
[Black "Khotenashvili, Bela"]
[Result "0-1"]
[BlackTitle "GM"]
[WhiteElo "2064"]
[BlackElo "2446"]
[WhiteFideId "2016516"]
[BlackFideId "13602640"]
[EventDate "2020.01.21"]

1. Nf3 g6 2. e4 Bg7 3. d4 c6 4. Nc3 d5 5. h3 Nh6 6. Bf4 f6 7. exd5 cxd5 8. Nb5
Na6 9. c4 O-O 10. Be2 Nf7 11. O-O e5 12. Bg3 e4 13. Nd2 Be6 14. f3 e3 15. cxd5
Bxh3 16. gxh3 exd2 17. d6 Qd7 18. Kg2 Bh6 19. Bc4 Kh8 20. b3 Rad8 21. a3 Nb8 22.
Ra2 a6 23. Bxf7 Rxf7 24. Nc3 Nc6 25. Rxd2 Bxd2 26. Qxd2 Qf5 27. Re1 Kg7 28. Ne4
Re8 29. d5 Ne5 30. Bxe5 Qxe5 31. Rc1 h6 32. Rc7 Rxc7 33. dxc7 Qxc7 34. d6 Qf7
35. Qc3 Rd8 36. Qc7 Rd7 37. Qc3 Qe6 38. Qd4 Qe5 39. Qb4 b5 40. Nc5 Rxd6 41. Ne4
Rd7 42. a4 Qd4 43. Qa5 Qb2+ 44. Nf2 Qxb3 45. Qxa6 bxa4 46. Qc6 Rf7 47. Ne4 a3
48. Nc5 Qb2+ 49. Kg3 Qe5+ 0-1